Wallonie et pays du sud (Record no. 46906)

MARC details
000 -LEADER
fixed length control field 00650nam a22001937a 4500
005 - DATE AND TIME OF LATEST TRANSACTION
control field 20160609165348.0
008 - FIXED-LENGTH DATA ELEMENTS--GENERAL INFORMATION
fixed length control field 100206t xxu||||| |||| 00| 0 eng d
020 ## - NUMERO INTERNATIONAL NORMALISE DES LIVRES
International Standard Book Number 2-930126-09-4
Terms of availability Don
040 ## - SOURCE DU CATALOGAGE
Original cataloging agency BUAC
Language of cataloging Fr.
Transcribing agency BUC
041 ## - CODE DE LANGUE
Language code of text/sound track or separate title Fre
082 ## - DEWEY DECIMAL CLASSIFICATION NUMBER
Classification number 334
100 ## - VEDETTE PRINCIPALE - NOM DE PERSONNE
Personal name Coscia, Walter
Titles and other words associated with a name Dir..
9 (RLIN) 3458
245 ## - TITLE STATEMENT
Title Wallonie et pays du sud
Remainder of title Sous le signe du partenariat
Statement of responsibility, etc sous la coordination de Walter Coscia
260 ## - PUBLICATION, DISTRIBUTION, ETC. (IMPRINT)
Place of publication, distribution, etc Bruxelles
Name of publisher, distributor, etc Ed. Fonds de Coopération au Développement
Date of publication, distribution, etc 2000
300 ## - PHYSICAL DESCRIPTION
Extent 635p.
Dimensions 22 cm
504 ## - BIBLIOGRAPHY, ETC. NOTE
Bibliography, etc Contient des adresses utiles
650 ## - SUBJECT ADDED ENTRY--TOPICAL TERM
Topical term or geographic name as entry element Participation : déveloment
Topical term following geographic name as entry element Région Wallonie - Pays ACP
9 (RLIN) 3459
942 ## - ADDED ENTRY ELEMENTS (KOHA)
Koha item type Livre
Holdings
Withdrawn status Lost status Damaged status Not for loan Location (home branch) Sublocation or collection (holding branch) Date acquired Source of acquisition Koha issues (times borrowed) Koha full call number Koha date last seen Copy number Price effective from Koha item type Coded location qualifier Piece designation (barcode)
        Bibliothèque Universitaire Centrale Bibliothèque Universitaire Centrale   Don du FCD   334 WAL 06/02/2010 1 06/02/2010 Livre    
        Bibliothèque Universitaire Centrale Bibliothèque Universitaire Centrale 14/09/2017 Achat   334 WAL 14/09/2017 02 14/09/2017 Libre Accès 17/328 17-328Buc


© 2008, Bibliothèques de l'Université d'Abomey-Calavi

04 BP 789 Cotonou, Tél. : +229 21 36 01 01, Fax : +229 21 35 06 32

Courriel : bu@bu.uac.bj